| 000 | 00604nam a22002057a 4500 | ||
|---|---|---|---|
| 003 | OSt | ||
| 005 | 20140310182941.0 | ||
| 008 | 130204t xxu||||| |||| 00| 0 eng d | ||
| 020 | _a9789717251660 | ||
| 050 |
_aPL 6055 _b.Ag283 2011 |
||
| 082 |
_aFIL 808.0427 _b.Ag283 2011 |
||
| 245 |
_aPagbasa at pagsulat _btungo sa pananaliksik _cAguilar, Reynaldo, Jocson, Magdalena O., Santos, Deogracia D.C. |
||
| 260 |
_aManila _bGrandbooks Publishing _c2008 |
||
| 300 |
_a340 p. _c21 cm. |
||
| 521 | _acollege students | ||
| 526 | _c1210L-1700L | ||
| 541 | _j1 | ||
| 562 | _e1 | ||
| 942 |
_2lcc _cBK _kFIL |
||
| 999 |
_c17723 _d17723 |
||